000 00577nam a2200241Ia 4500
001 889
003 GE_BSU
008 181216s||||||||xx |||||||||||||| ||und||
020 _a9785382010588
040 _cGE_BSU
080 _a579(075.8)
100 _aГнаткин,Е.Н.
245 _aГенетика человека.
245 _bБылое и грядущее.
250 _aИзд.2-е
260 _aМосква
260 _bЛКИ
260 _c2010
300 _a280 с.
541 _h30 л.
653 _aГенетика Человека
942 _cBK
999 _c35049
_d35049